Loading...
Vaidic sookth sudha/
| Main Author: | |
|---|---|
| Format: | Printed Book |
| Published: |
New Delhi:
Bharateeya vidya,
2002.
|
| Subjects: |
| LEADER | 00531nam a22001571a 4500 | ||
|---|---|---|---|
| 999 | |c 48711 |d 48711 | ||
| 082 | |a S 294.592 1 |b PRA/V | ||
| 100 | |a Pradhyum Dwivedi | ||
| 245 | |a Vaidic sookth sudha/ |c by Pradhyum Dwivedi | ||
| 260 | |a New Delhi: |b Bharateeya vidya, |c 2002. | ||
| 300 | |a 197p. | ||
| 650 | |a Vedic Literature | ||
| 650 | |a Hinduism | ||
| 650 | |a Religion | ||
| 942 | |c BK | ||
| 952 | |0 0 |1 0 |4 0 |6 S_294_592000000000000_1_PRA_V |7 0 |9 70519 |a SSUS |b SSUS |d 2015-01-08 |g 40.00 |l 1 |o S 294.592 1 PRA/V |p 042341 |r 2015-05-18 |s 2015-05-08 |v 0.00 |w 2015-01-08 |y BK | ||